טוען...
Agricultural ecology
| מחבר ראשי: | |
|---|---|
| פורמט: | Printed Book |
| יצא לאור: |
Longman
UK
1990
|
| LEADER | 00369nam a22001217a 4500 | ||
|---|---|---|---|
| 020 | |a 0582301637 | ||
| 082 | |a 577.55 |b TIV.A | ||
| 100 | |a Tivy, Joy | ||
| 245 | |a Agricultural ecology | ||
| 260 | |a Longman |b UK |c 1990 | ||
| 942 | |c BK | ||
| 999 | |c 14914 |d 14914 | ||
| 952 | |0 0 |1 0 |4 0 |6 577_550000000000000_TIV_A |7 0 |9 17184 |a CAMPUS |b CAMPUS |d 2017-08-07 |l 0 |o 577.55 TIV.A |p 09942 |r 2017-08-07 |w 2017-08-07 |y BK | ||